Smlouvy o zamezení dvojího zdanění: Thajsko
Zmluva medzi vládou Českej republiky a vládou Thajského kráľovstva o zamedzení dvojitého zdanenia a zabránení daňovému úniku daní z príjmov bola podpísaná 12.2.1994. Komentár k jednotlivým článkom zmluvy.
Enregistré dans:
| Auteur principal: | |
|---|---|
| Format: | Chapitre de livre |
| Langue: | tchèque |
| Sujets: | |
| Tags: |
Pas de tags, Soyez le premier à ajouter un tag!
|
MARC
| LEADER | 00000naa a2200000 4500 | ||
|---|---|---|---|
| 001 | r024048 | ||
| 005 | 20221213082847.1 | ||
| 041 | 0 | |a cze | |
| 044 | |a CZ | ||
| 245 | 1 | 0 | |a Smlouvy o zamezení dvojího zdanění: Thajsko |c Jan Aleš |
| 520 | |a Zmluva medzi vládou Českej republiky a vládou Thajského kráľovstva o zamedzení dvojitého zdanenia a zabránení daňovému úniku daní z príjmov bola podpísaná 12.2.1994. Komentár k jednotlivým článkom zmluvy. | ||
| 610 | 2 | 0 | |a zdanenie dvojité |
| 610 | 2 | 0 | |a Thajsko |
| 610 | 2 | 0 | |a Česko |
| 610 | 2 | 0 | |a zmluvy medzinárodné |
| 610 | 2 | 0 | |a dane z príjmov |
| 100 | 1 | |a Aleš, Jan | |